书目信息 |
| 题名: |
《七月》、《希望》作品选
|
|
| 作者: | 吴子敏 编选 | |
| 分册: | 上册 | |
| 出版信息: | 北京 人民文学出版社 1986 |
|
| 页数: | 461页 | |
| 开本: | 20cm | |
| 丛书名: | 中国现代文学流派创作选 | |
| 单 册: | ||
| 中图分类: | I216.1 | |
| 科图分类: | ||
| 主题词: | 文学--作品集--中国 | |
| 电子资源: | ||
| ISBN: | ||
| 000 | 00750nam2 2200265 45 | |
| 001 | 0186007533 | |
| 005 | 20040417101747.3 | |
| 010 | @dCNY1.65 | |
| 091 | @a10019.3962 | |
| 100 | @a19951102d1986 em y0chiy0121 ea | |
| 101 | 0 | @achi |
| 102 | @aCN@b110000 | |
| 105 | @ay z 000yy | |
| 106 | @ar | |
| 200 | 10 | @a《七月》、《希望》作品选@h上册@A《 qi yue》、《 xi wang》 zuo pin xuan@f吴子敏编选 |
| 210 | @a北京@c人民文学出版社@d1986 | |
| 215 | @a461页@d20cm | |
| 225 | 2 | @a中国现代文学流派创作选 |
| 410 | 0 | @120010@a中国现代文学流派创作选 |
| 606 | 0 | @a文学@x作品集@x中国 |
| 690 | @aI216.1 | |
| 701 | 0 | @a吴子敏@4编选@Awu zi min |
| 801 | 0 | @aCN@b深圳图书馆@c20040417 |
| 801 | 2 | @aCN@bNLC@c20040417 |
| 905 | @f2@b158261-262@dI216.1@e185:1 | |
| 《七月》、《希望》作品选.上册/吴子敏编选.-北京:人民文学出版社,1986 |
| 461页;20cm.-(中国现代文学流派创作选) |
| ISBN :CNY1.65 |
| ● |
| 相关链接 |
|
|
|
|
正题名:《七月》、《希望》作品选
索取号:I216.1/185:1
 
预约/预借
| 序号 | 登录号 | 条形码 | 馆藏地/架位号 | 状态 | 备注 |
| 1 | 0158261 | 000228881 | 密集书库/ [索取号:I216.1/185:1] | 在馆 | |
| 2 | 0158262 | 000228818 | 第二借阅区/ [索取号:I216.1/185:1] | 在馆 | |
| 3 | 0158263 | 202085634 | 第一样本阅览室/ [索取号:I216.1/185:1] | 在馆 |